Mission Antyodaya cluster development planning in Chittur block, Palakkad district (Record no. 6530)
[ view plain ]
| 000 -LEADER | |
|---|---|
| fixed length control field | 02002nam a22002057a 4500 |
| 003 - CONTROL NUMBER IDENTIFIER | |
| control field | OSt |
| 005 - DATE AND TIME OF LATEST TRANSACTION | |
| control field | 20220107122851.0 |
| 008 - FIXED-LENGTH DATA ELEMENTS--GENERAL INFORMATION | |
| fixed length control field | 190628b xxu||||| |||| 00| 0 eng d |
| 040 ## - CATALOGING SOURCE | |
| Transcribing agency | IIITMK |
| 100 ## - MAIN ENTRY--PERSONAL NAME | |
| Personal name | Chaithanya Ayyappan (92317008) |
| 9 (RLIN) | 15994 |
| 245 ## - TITLE STATEMENT | |
| Title | Mission Antyodaya cluster development planning in Chittur block, Palakkad district |
| 300 ## - PHYSICAL DESCRIPTION | |
| Extent | MSC GIS 2017-2019 |
| 500 ## - GENERAL NOTE | |
| General note | Planning in rural areas in India is a challenge, due to diverse socio-economic<br/>and agro-climatic zones. Spatial planning in rural areas means, arranging<br/>the land use that is critical to the economic development of aspirations of<br/>the rural people. Spatial planning refers to the methods used to in<br/>uence the<br/>distribution of people and activities in spaces of various scales and topology,<br/>for habitat environment, having basic infrastructure of communication and<br/>transport, and access to basic provisions of life and sustenance. Here we are<br/>doing study on the available land and water resources using remotely sensed<br/>data.The objectives of this planning are based on preparation of thematic<br/>layers based on socio-economic factors.Generation of action plan for infrastructure<br/>we can do with these layer generation. To map thematic information<br/>by interpreting the satellite imagery's and also from available resources. The<br/>thematic layers include land use and land cover, drainage, watersheds, roads,<br/>slope etc. To prepare the thematic layers based on the Socio-Economic data<br/>available in Mission Antyodaya for easy understanding, analysis and for usage<br/>of mapped data in future planning exercise, To generate the action plans<br/>for infrastructure, water resource development etc. The nal action plan will<br/>be useful for recharge ground water-zone and raises the level of water table. |
| 502 ## - DISSERTATION NOTE | |
| Degree type | MSC GIS |
| Name of granting institution | 2017-2019 |
| Year degree granted | INT |
| -- | Radhakrishnan T |
| 650 ## - SUBJECT ADDED ENTRY--TOPICAL TERM | |
| Topical term or geographic name entry element | GEOSPATIAL TECHNOLOGY |
| 9 (RLIN) | 15995 |
| 650 ## - SUBJECT ADDED ENTRY--TOPICAL TERM | |
| Topical term or geographic name entry element | REMOTE SENSING |
| 9 (RLIN) | 15996 |
| 650 ## - SUBJECT ADDED ENTRY--TOPICAL TERM | |
| Topical term or geographic name entry element | GEOGRAPHIC INFORMATION SYSTEM |
| 9 (RLIN) | 15997 |
| 650 ## - SUBJECT ADDED ENTRY--TOPICAL TERM | |
| Topical term or geographic name entry element | ARCGIS |
| 9 (RLIN) | 15998 |
| 942 ## - ADDED ENTRY ELEMENTS (KOHA) | |
| Source of classification or shelving scheme | Dewey Decimal Classification |
| Koha item type | |
| Withdrawn status | Lost status | Source of classification or shelving scheme | Damaged status | Not for loan | Collection code | Home library | Current library | Shelving location | Date acquired | Total Checkouts | Barcode | Date last seen | Price effective from | Koha item type |
|---|---|---|---|---|---|---|---|---|---|---|---|---|---|---|
| Dewey Decimal Classification | Non Fiction | IIITM-K | Kerala University of Digital Sciences, Innovation and Technology Knowledge Centre | 28/06/2019 | R-1530 | 28/06/2019 | 28/06/2019 | Project Reports |